Normal view MARC view
  • AHO, ALFRED

Entry Personal Name

Number of records used in: 4

001 - CONTROL NUMBER

  • control field: 89652

003 - CONTROL NUMBER IDENTIFIER

  • control field: NUST

005 - DATE AND TIME OF LATEST TRANSACTION

  • control field: 20220225143404.0

008 - FIXED-LENGTH DATA ELEMENTS

  • fixed length control field: 220225|| aca||aabn | a|a d

040 ## - CATALOGING SOURCE

  • Original cataloging agency: NUST
  • Transcribing agency: NUST

100 ## - HEADING--PERSONAL NAME

  • Personal name: AHO, ALFRED

670 ## - SOURCE DATA FOUND

  • Source citation: Work cat.: (NUST): AHO, ALFRED., DATA STRUCTURE AND ALGORITHMS /, 1983.
© 2023 Central Library, National University of Sciences and Technology. All Rights Reserved.